[Event "Titled Tuesday intern op 04th Mar Early"]
[Site "Chess.com INT"]
[Date "2025.03.04"]
[Round "4"]
[White "Baloglu, Dila"]
[Black "Andrade, Ivan"]
[Result "1-0"]
[WhiteElo "1944"]
[BlackElo "2161"]
[PlyCount "93"]
[EventDate "2025.03.04"]
[EventType "swiss (blitz)"]
[EventRounds "11"]
[EventCountry "USA"]
[SourceTitle "CB11_2025"]
[SourceDate "2025.03.12"]
[SourceVersion "1"]
[SourceVersionDate "2025.03.12"]
[SourceQuality "1"]

1. Nf3 Nf6 2. g3 g6 3. Bg2 Bg7 4. 0-0 0-0 5. d3 d5 6. Nbd2 c5 7. e4 d4 8. e5 Nd5 9. Re1 Nc6 10. a4 Bg4 11. h3 Bxf3 12. Qxf3 e6 13. Nc4 Qc7 14. Bf4 h6 15. h4 Ncb4 16. Re2 Nxf4 17. gxf4 Nd5 18. h5 gxh5 19. f5 Rfd8 20. f6 Bf8 21. Qxh5 Kh8 22. Qh4 b6 23. Be4 a6 24. Kh1 b5 25. Nd6 Rxd6 26. exd6 Qxd6 27. Rg1 Qe5 28. Bxd5 Qxd5+ 29. Re4 Qf5 30. Reg4 Qf3+ 31. R4g2 bxa4 32. Qg3 Qxg3 33. Rxg3 Bd6 34. Rg7 Rf8 35. R7g4 Kh7 36. Rh4 Rg8 37. Rxh6+ Kxh6 38. Rxg8 Be5 39. Rg7 Bxf6 40. Rxf7 Kg6 41. Ra7 Bg5 42. Rxa6 Kf6 43. Rxa4 Bc1 44. b4 cxb4 45. Rxb4 Bd2 46. Rxd4 Bc3 47. Re4 1-0

[Event "Titled Tuesday intern op 04th Mar Early"]
[Site "Chess.com INT"]
[Date "2025.03.04"]
[Round "7"]
[White "Baloglu, Dila"]
[Black "Hamitevici, Vladimir"]
[Result "1-0"]
[WhiteElo "1944"]
[BlackElo "2423"]
[PlyCount "55"]
[EventDate "2025.03.04"]
[EventType "swiss (blitz)"]
[EventRounds "11"]
[EventCountry "USA"]
[SourceTitle "CB11_2025"]
[SourceDate "2025.03.12"]
[SourceVersion "1"]
[SourceVersionDate "2025.03.12"]
[SourceQuality "1"]

1. e4 Nc6 2. Nf3 d6 3. d4 Nf6 4. Nc3 Bg4 5. d5 Nb8 6. h3 Bxf3 7. Qxf3 g6 8. Be3 Bg7 9. 0-0-0 Nbd7 10. h4 c6 11. g4 Ne5 12. Qe2 Nexg4 13. dxc6 bxc6 14. Bd4 Qa5 15. Bh3 h5 16. f3 Ne5 17. f4 Bh6 18. Rhf1 Neg4 19. Kb1 e5 20. fxe5 dxe5 21. Qc4 0-0 22. Bc5 Rfe8 23. Bxg4 Bf4 24. Bh3 Ng4 25. Rd7 Nh6 26. Rg1 Kg7 27. Bf5 Rad8 28. Rxg6+ 1-0

[Event "Titled Tuesday intern op 04th Mar Early"]
[Site "Chess.com INT"]
[Date "2025.03.04"]
[Round "11"]
[White "Baloglu, Dila"]
[Black "Kozlov, Oleg"]
[Result "0-1"]
[WhiteElo "1944"]
[BlackElo "2253"]
[PlyCount "90"]
[EventDate "2025.03.04"]
[EventType "swiss (blitz)"]
[EventRounds "11"]
[EventCountry "USA"]
[SourceTitle "CB11_2025"]
[SourceDate "2025.03.12"]
[SourceVersion "1"]
[SourceVersionDate "2025.03.12"]
[SourceQuality "1"]

1. e4 c5 2. Nf3 e6 3. d4 cxd4 4. Nxd4 a6 5. Bd3 Bc5 6. Nb3 Ba7 7. 0-0 Ne7 8. Qe2 0-0 9. Be3 Nbc6 10. c4 f5 11. Nc3 f4 12. Bxa7 f3 13. gxf3 Rxa7 14. Kh1 Ng6 15. Rg1 Nce5 16. Rg3 Nf4 17. Qe3 Nfxd3 18. Qxa7 b6 19. Nd4 Rf7 20. Rag1 Nxf2+ 21. Kg2 Nfd3 22. Kh1 g6 23. Qb8 Rf8 24. Qd6 Nxc4 25. Qb8 Ne3 26. h3 Qf6 27. Qd6 Nc4 28. e5 Qf4 29. Qe7 Nf2+ 30. Kh2 Nxe5 31. Nce2 Qh6 32. R1g2 Nfd3 33. Qd6 Nc4 34. Qe7 b5 35. Rg4 Nde5 36. Rh4 Qg7 37. Qxg7+ Kxg7 38. f4 Nd3 39. f5 exf5 40. Ng3 Ne3 41. Re2 f4 42. Ne4 Bb7 43. Nd2 Ne5 44. Rf2 g5 45. Rh5 Kg6 0-1

[Event "Titled Tuesday intern op 04th Mar Early"]
[Site "Chess.com INT"]
[Date "2025.03.04"]
[Round "3"]
[White "Swiatlowski, Lukasz"]
[Black "Baloglu, Dila"]
[Result "0-1"]
[WhiteElo "2199"]
[BlackElo "1944"]
[PlyCount "68"]
[EventDate "2025.03.04"]
[EventType "swiss (blitz)"]
[EventRounds "11"]
[EventCountry "USA"]
[SourceTitle "CB11_2025"]
[SourceDate "2025.03.12"]
[SourceVersion "1"]
[SourceVersionDate "2025.03.12"]
[SourceQuality "1"]

1. Nf3 Nf6 2. g3 d5 3. Bg2 Bg4 4. d3 Nbd7 5. 0-0 c6 6. Nbd2 e5 7. e4 Bc5 8. c3 0-0 9. h3 Bh5 10. Qc2 dxe4 11. dxe4 a5 12. a4 Qc7 13. Nc4 Bg6 14. Nh4 b5 15. Ne3 Nb6 16. axb5 cxb5 17. Nef5 Rfd8 18. Bg5 a4 19. Rad1 Nc4 20. b3 axb3 21. Qxb3 Qb6 22. Rb1 Rab8 23. Nf3 Nxe4 24. Bxd8 Rxd8 25. N3h4 Bxf2+ 26. Kh2 Ncd2 27. Ne7+ Kh8 28. Nexg6+ fxg6 29. Qxb5 Bxg3+ 30. Kh1 Qxb5 31. Rxb5 Nxf1 32. Bxf1 Bxh4 33. c4 h5 34. c5 Ng3+ 0-1

[Event "Titled Tuesday intern op 25th Feb Early"]
[Site "Chess.com INT"]
[Date "2025.02.25"]
[Round "2"]
[White "Balaji, Aaravamudhan"]
[Black "Baloglu, Dila"]
[Result "1-0"]
[WhiteElo "2348"]
[BlackElo "1944"]
[PlyCount "97"]
[EventDate "2025.02.25"]
[EventType "swiss (blitz)"]
[EventRounds "11"]
[EventCountry "USA"]
[SourceTitle "CB10_2025"]
[SourceDate "2025.03.05"]
[SourceVersion "1"]
[SourceVersionDate "2025.03.05"]
[SourceQuality "1"]

1. b3 e5 2. Bb2 Nc6 3. d3 Nf6 4. Nd2 d5 5. Ngf3 e4 6. dxe4 dxe4 7. Ng5 e3 8. fxe3 Ng4 9. Nde4 Qxd1+ 10. Rxd1 Nxe3 11. Rd2 Nb4 12. c4 Nbc2+ 13. Kf2 Bf5 14. Ng3 Bb4 15. Rxc2 Bxc2 16. Kxe3 0-0-0 17. Bxg7 Bd2+ 18. Kf3 Rhg8 19. Bf6 Rde8 20. N5e4 Re6 21. e3 Rxg3+ 22. Kxg3 Bxe4 23. Bd4 b6 24. Be2 c5 25. Bb2 Rg6+ 26. Kf4 Rxg2 27. Bf1 Rg4+ 28. Kxg4 Bxh1 29. Kf4 Kc7 30. Bd3 Bg2 31. Bxh7 Bh3 32. Bg8 f5 33. Be6 Kd6 34. Bc8 a5 35. a4 Ke7 36. Be5 Bg4 37. Bc7 Bd1 38. Bxb6 Bb4 39. Bxf5 Bxb3 40. h4 Bxc4 41. h5 Bg8 42. Bc7 Kf6 43. Be5+ Kf7 44. h6 c4 45. h7 Bxh7 46. Bxh7 c3 47. Bc2 Ke6 48. Ke4 Kd7 49. Kd5 1-0

[Event "Titled Tuesday intern op 25th Feb Early"]
[Site "Chess.com INT"]
[Date "2025.02.25"]
[Round "1"]
[White "Baloglu, Dila"]
[Black "Aberbach Peltzman, Angel Sergio"]
[Result "1-0"]
[WhiteElo "1944"]
[BlackElo "1877"]
[PlyCount "57"]
[EventDate "2025.02.25"]
[EventType "swiss (blitz)"]
[EventRounds "11"]
[EventCountry "USA"]
[SourceTitle "CB10_2025"]
[SourceDate "2025.03.05"]
[SourceVersion "1"]
[SourceVersionDate "2025.03.05"]
[SourceQuality "1"]

1. e4 c5 2. d4 cxd4 3. c3 d3 4. Bxd3 Nc6 5. Nf3 d6 6. 0-0 Nf6 7. Re1 e6 8. Nbd2 Be7 9. Nf1 0-0 10. Qc2 Qc7 11. Ng3 a6 12. Be3 b5 13. a4 Rb8 14. axb5 axb5 15. Qe2 b4 16. cxb4 Nxb4 17. Ra7 Rb7 18. Rc1 Rxa7 19. Rxc7 Rxc7 20. h3 Nxd3 21. Qxd3 Bb7 22. Nd2 Rfc8 23. Kh2 Rc2 24. b3 d5 25. e5 Nd7 26. Bf4 Rb2 27. Ne2 Nc5 28. Qd4 Nxb3 29. Qxb2 1-0

[Event "Titled Tuesday intern op 25th Feb Early"]
[Site "Chess.com INT"]
[Date "2025.02.25"]
[Round "11"]
[White "Baloglu, Dila"]
[Black "Nikhil, M."]
[Result "0-1"]
[WhiteElo "1944"]
[BlackElo "2261"]
[PlyCount "84"]
[EventDate "2025.02.25"]
[EventType "swiss (blitz)"]
[EventRounds "11"]
[EventCountry "USA"]
[SourceTitle "CB10_2025"]
[SourceDate "2025.03.05"]
[SourceVersion "1"]
[SourceVersionDate "2025.03.05"]
[SourceQuality "1"]

1. Nf3 e6 2. g3 d5 3. Bg2 c5 4. 0-0 Nc6 5. d3 Nf6 6. Nbd2 Be7 7. e4 0-0 8. Re1 b5 9. e5 Nd7 10. Nf1 a5 11. h4 a4 12. h5 a3 13. b3 c4 14. Ne3 Bb4 15. Bd2 Ba6 16. c3 Be7 17. d4 b4 18. bxc4 dxc4 19. h6 g6 20. Rb1 Rb8 21. Bf1 bxc3 22. Bxc3 Bb4 23. Bxb4 Nxb4 24. Qa4 Bb7 25. Nd2 Nd3 26. Bxd3 cxd3 27. Qa7 Bd5 28. Nxd5 exd5 29. Qxa3 Qg5 30. Qxd3 Qxh6 31. a4 Ra8 32. Ra1 Rfc8 33. a5 Nf8 34. a6 Ne6 35. a7 Rc7 36. Qb5 Qxd2 37. Qb8+ Rc8 38. Qb7 Nxd4 39. Kf1 Qd3+ 40. Kg2 Qf3+ 41. Kg1 Ne2+ 42. Rxe2 Qxe2 0-1

[Event "Titled Tuesday intern op 25th Feb Early"]
[Site "Chess.com INT"]
[Date "2025.02.25"]
[Round "8"]
[White "Baloglu, Dila"]
[Black "Sharapov, Evgeny"]
[Result "0-1"]
[WhiteElo "1944"]
[BlackElo "2375"]
[PlyCount "84"]
[EventDate "2025.02.25"]
[EventType "swiss (blitz)"]
[EventRounds "11"]
[EventCountry "USA"]
[SourceTitle "CB10_2025"]
[SourceDate "2025.03.05"]
[SourceVersion "1"]
[SourceVersionDate "2025.03.05"]
[SourceQuality "1"]

1. e4 c5 2. Nf3 d6 3. d4 cxd4 4. Nxd4 Nf6 5. Nc3 Nc6 6. Bg5 e6 7. Qd2 Be7 8. 0-0-0 0-0 9. f3 Nxd4 10. Qxd4 Qa5 11. h4 Rd8 12. a3 Bd7 13. g4 Bc6 14. Bd2 Qc5 15. Qxc5 dxc5 16. Bb5 Bxb5 17. Nxb5 a6 18. Nc3 b5 19. Bf4 Rxd1+ 20. Rxd1 Rd8 21. Rxd8+ Bxd8 22. a4 b4 23. Nb1 Nd7 24. h5 f5 25. exf5 exf5 26. g5 Kf7 27. Nd2 g6 28. h6 Nf8 29. Be3 Ne6 30. f4 Bc7 31. Nb3 c4 32. Nd2 c3 33. bxc3 bxc3 34. Nb1 Bxf4 35. Bxf4 Nxf4 36. Nxc3 Ne6 37. Nd5 Nxg5 38. Nb4 a5 39. Nc6 Ne4 40. Nxa5 g5 41. Nb7 g4 42. a5 g3 0-1

[Event "Titled Tuesday intern op 11th Feb Early"]
[Site "Chess.com INT"]
[Date "2025.02.11"]
[Round "4"]
[White "Huseynova, Lala"]
[Black "Baloglu, Dila"]
[Result "0-1"]
[WhiteElo "2032"]
[BlackElo "1944"]
[PlyCount "60"]
[EventDate "2025.02.11"]
[EventType "swiss (blitz)"]
[EventRounds "11"]
[EventCountry "USA"]
[SourceTitle "CB08_2025"]
[SourceDate "2025.02.19"]
[SourceVersion "1"]
[SourceVersionDate "2025.02.19"]
[SourceQuality "1"]

1. e4 e5 2. Nf3 Nc6 3. d4 exd4 4. Nxd4 Nf6 5. Nc3 Bb4 6. Nxc6 bxc6 7. Bg5 Qe7 8. Bd3 h6 9. Bxf6 Qxf6 10. 0-0 Bxc3 11. bxc3 Qxc3 12. Qf3 Rf8 13. Rfe1 d6 14. Qg3 Be6 15. e5 dxe5 16. Qxg7 Rb8 17. Qxh6 Rg8 18. Qe3 Bd5 19. g3 Ke7 20. Qxa7 Kd6 21. Qe3 Rh8 22. Qg5 Kc5 23. Qe3+ Kd6 24. Qg5 Kc5 25. Qe7+ Kb6 26. Rab1+ Ka5 27. Qxc7+ Ka4 28. Qa7+ Qa5 29. Qe3 Rxh2 30. c4 Rh1# 0-1

[Event "Titled Tuesday intern op 11th Feb Early"]
[Site "Chess.com INT"]
[Date "2025.02.11"]
[Round "7"]
[White "Martinez Ramirez, Lennis"]
[Black "Baloglu, Dila"]
[Result "1-0"]
[WhiteElo "2427"]
[BlackElo "1944"]
[PlyCount "91"]
[EventDate "2025.02.11"]
[EventType "swiss (blitz)"]
[EventRounds "11"]
[EventCountry "USA"]
[SourceTitle "CB09_2025"]
[SourceDate "2025.02.27"]
[SourceVersion "1"]
[SourceVersionDate "2025.02.27"]
[SourceQuality "1"]

1. Nf3 Nf6 2. d4 d5 3. c4 e6 4. Nc3 dxc4 5. e3 a6 6. a4 b6 7. Bxc4 Bb7 8. Qe2 Bb4 9. 0-0 0-0 10. Rd1 Nbd7 11. Bd2 c5 12. dxc5 Bxc5 13. e4 Ng4 14. Be1 Qc7 15. h3 Nge5 16. Bb3 Rad8 17. Nh2 Ng6 18. Bd2 Qg3 19. Nf1 Qh4 20. Be3 Nf4 21. Qf3 Bxe3 22. Qxe3 Ne5 23. Rxd8 Rxd8 24. Rd1 Rxd1 25. Bxd1 Qg5 26. Ng3 Neg6 27. Qxb6 Qe7 28. Nge2 h6 29. Nxf4 Nxf4 30. Bf3 g5 31. b4 Qd7 32. Kh2 f5 33. a5 Kf7 34. b5 axb5 35. a6 Ba8 36. a7 b4 37. exf5 Bxf3 38. gxf3 Qc8 39. fxe6+ Nxe6 40. Nd5 Qa8 41. Qxe6+ Kxe6 42. Nc7+ Kd7 43. Nxa8 Kc6 44. Nb6 b3 45. a8Q+ Kxb6 46. Qb8+ 1-0

[Event "Titled Tuesday intern op 11th Feb Early"]
[Site "Chess.com INT"]
[Date "2025.02.11"]
[Round "9"]
[White "Scheglov, Gleb"]
[Black "Baloglu, Dila"]
[Result "1-0"]
[WhiteElo "2205"]
[BlackElo "1944"]
[PlyCount "59"]
[EventDate "2025.02.11"]
[EventType "swiss (blitz)"]
[EventRounds "11"]
[EventCountry "USA"]
[SourceTitle "CB09_2025"]
[SourceDate "2025.02.27"]
[SourceVersion "1"]
[SourceVersionDate "2025.02.27"]
[SourceQuality "1"]

1. c3 g6 2. d4 Bg7 3. h4 Nf6 4. Nd2 d5 5. Ngf3 c5 6. dxc5 Qc7 7. b4 Ne4 8. Nxe4 dxe4 9. Nd4 a5 10. e3 axb4 11. cxb4 Nc6 12. Bb2 0-0 13. Nb5 Qb8 14. Bxg7 Kxg7 15. Qd2 Qe5 16. Nd4 Rd8 17. Rd1 Nxd4 18. exd4 Qd5 19. Qc3 Be6 20. a3 Qb3 21. Qxb3 Bxb3 22. Ra1 Rxd4 23. Rh3 Rxb4 24. Rb1 Rxa3 25. Be2 b6 26. c6 Kf6 27. c7 Ra8 28. Rhxb3 Rxb3 29. Rxb3 Ke6 30. Ba6 1-0

[Event "Titled Tuesday intern op 04th Feb Late"]
[Site "Chess.com INT"]
[Date "2025.02.04"]
[Round "4"]
[White "Baloglu, Dila"]
[Black "Aravindakshan, Sahana"]
[Result "1-0"]
[WhiteElo "1944"]
[BlackElo "2046"]
[PlyCount "65"]
[EventDate "2025.02.04"]
[EventType "swiss (blitz)"]
[EventRounds "11"]
[EventCountry "USA"]
[SourceTitle "CB07_2025"]
[SourceDate "2025.02.12"]
[SourceVersion "1"]
[SourceVersionDate "2025.02.12"]
[SourceQuality "1"]

1. Nf3 d5 2. g3 c5 3. Bg2 Nc6 4. 0-0 e5 5. d3 Nge7 6. e4 d4 7. a4 Ng6 8. Na3 Be7 9. Nc4 h5 10. h4 Bg4 11. Qe1 Qd7 12. Bd2 Bh3 13. a5 Bxg2 14. Kxg2 Qg4 15. Rh1 Nf4+ 16. Bxf4 exf4 17. Nfe5 Nxe5 18. Nxe5 Qe6 19. Nc4 0-0-0 20. Qd2 fxg3 21. fxg3 g5 22. hxg5 h4 23. Qf4 hxg3 24. Qf5 Qxf5 25. exf5 Bxg5 26. Nd6+ Kd7 27. Nxf7 Rxh1 28. Rxh1 Rg8 29. Rh7 Kc6 30. Ne5+ Kd5 31. Ng6 Kc6 32. Kxg3 Bf6 33. Rf7 1-0

[Event "Titled Tuesday intern op 04th Feb Late"]
[Site "Chess.com INT"]
[Date "2025.02.04"]
[Round "2"]
[White "Baloglu, Dila"]
[Black "Sieciechowicz, Marcin"]
[Result "1/2-1/2"]
[WhiteElo "1944"]
[BlackElo "2401"]
[PlyCount "63"]
[EventDate "2025.02.04"]
[EventType "swiss (blitz)"]
[EventRounds "11"]
[EventCountry "USA"]
[SourceTitle "CB07_2025"]
[SourceDate "2025.02.12"]
[SourceVersion "1"]
[SourceVersionDate "2025.02.12"]
[SourceQuality "1"]

1. e4 e6 2. d4 d5 3. Nc3 Nf6 4. exd5 exd5 5. Bg5 Bb4 6. Qf3 Be6 7. 0-0-0 Nbd7 8. Bd3 0-0 9. Nge2 c5 10. dxc5 Qa5 11. Bf5 Bxc5 12. Bxf6 Nxf6 13. Nd4 Bxd4 14. Rxd4 Rac8 15. Bd3 Rc6 16. g4 Rfc8 17. g5 Ne4 18. Nxe4 dxe4 19. Qxe4 Qxg5+ 20. Kb1 g6 21. h4 Qh5 22. Rg1 Kh8 23. b3 Bf5 24. Qe5+ f6 25. Qe7 Bxd3 26. Rd8+ Rxd8 27. Qxd8+ Kg7 28. Qe7+ Kg8 29. Qe8+ Kg7 30. Qe7+ Kg8 31. Qe8+ Kg7 32. Qe7+ 1/2-1/2

[Event "Titled Tuesday intern op 28th Jan Early"]
[Site "Chess.com INT"]
[Date "2025.01.28"]
[Round "5"]
[White "Fiorito, Joaquin"]
[Black "Baloglu, Dila"]
[Result "1-0"]
[WhiteElo "2411"]
[BlackElo "1944"]
[PlyCount "183"]
[EventDate "2025.01.28"]
[EventType "swiss (blitz)"]
[EventRounds "11"]
[EventCountry "USA"]
[SourceTitle "CB06_2025"]
[SourceDate "2025.02.05"]
[SourceVersion "1"]
[SourceVersionDate "2025.02.05"]
[SourceQuality "1"]

1. e4 e5 2. Nf3 Nc6 3. Bc4 Bc5 4. c3 Nf6 5. d3 a6 6. a4 Ba7 7. 0-0 d6 8. Nbd2 h6 9. b4 0-0 10. h3 Be6 11. Bxe6 fxe6 12. Ra2 Qd7 13. Qb3 d5 14. b5 axb5 15. axb5 Ne7 16. Nxe5 Qd6 17. Nef3 dxe4 18. dxe4 Ng6 19. Kh1 Kh8 20. Ba3 Bc5 21. Bxc5 Qxc5 22. Rxa8 Rxa8 23. Qxe6 Qxb5 24. Rb1 Qc5 25. Qf5 Qxf5 26. exf5 Ne7 27. Rxb7 Nxf5 28. Rxc7 Ra2 29. g3 Rc2 30. Rc5 Nd6 31. Kg2 Nde4 32. Rc8+ Kh7 33. Rd8 Rxc3 34. Nxe4 Nxe4 35. Rd4 Nf6 36. g4 Rc2 37. Kg3 g5 38. Ne5 Rc5 39. Nd3 Rc3 40. Kg2 Kg6 41. Ne5+ Kg7 42. Ra4 Nd5 43. Ra7+ Kf6 44. Nd7+ Kg6 45. Nf8+ Kf6 46. Ra6+ Kf7 47. Ng6 Rc2 48. Ne5+ Ke7 49. Rxh6 Nf4+ 50. Kf3 Rc3+ 51. Ke4 Rxh3 52. Ra6 Rh2 53. f3 Re2+ 54. Kf5 Nd5 55. Ra7+ Kd6 56. Nf7+ Kc5 57. Nxg5 Ne3+ 58. Kg6 Rg2 59. Re7 Nxg4 60. f4 Rf2 61. f5 Kd6 62. Re6+ Kd5 63. Re8 Ne5+ 64. Kf6 Ng4+ 65. Kg6 Ne5+ 66. Kh5 Rh2+ 67. Nh3 Rxh3+ 68. Kg5 Rh1 69. f6 Rg1+ 70. Kf5 Rf1+ 71. Kg5 Nd7 72. Rd8 Kd6 73. Kg6 Ke6 74. Re8+ Kd6 75. f7 Ne5+ 76. Rxe5 Kxe5 77. Kg7 Rg1+ 78. Kh7 Rh1+ 79. Kg7 Rg1+ 80. Kh7 Rf1 81. Kg7 Ke6 82. f8Q Rg1+ 83. Kh6 Rh1+ 84. Kg5 Rg1+ 85. Kh4 Rg6 86. Qe8+ Kf6 87. Qe4 Kg7 88. Kh5 Rf6 89. Kg5 Kf7 90. Qb7+ Ke6 91. Qc6+ Ke5 92. Qxf6+ 1-0

[Event "Titled Tuesday intern op 21st Jan Late"]
[Site "Chess.com INT"]
[Date "2025.01.21"]
[Round "6"]
[White "Baloglu, Dila"]
[Black "Crispin Ferreras, Darvi Abraham"]
[Result "1/2-1/2"]
[WhiteElo "1944"]
[BlackElo "2134"]
[PlyCount "163"]
[EventDate "2025.01.21"]
[EventType "swiss (blitz)"]
[EventRounds "11"]
[EventCountry "USA"]
[SourceTitle "CB05_2025"]
[SourceDate "2025.01.29"]
[SourceVersion "1"]
[SourceVersionDate "2025.01.29"]
[SourceQuality "1"]

1. e4 c5 2. Nf3 Nc6 3. d4 cxd4 4. Nxd4 g6 5. Nc3 Bg7 6. Be3 Nf6 7. f3 0-0 8. Qd2 e6 9. 0-0-0 d5 10. exd5 exd5 11. h4 Re8 12. Bb5 Bd7 13. Bxc6 bxc6 14. Bh6 c5 15. Nb3 d4 16. Ne4 Nxe4 17. fxe4 Rxe4 18. Bxg7 Kxg7 19. h5 Re3 20. hxg6 fxg6 21. Nxc5 Bg4 22. Qxd4+ Qxd4 23. Rxd4 Rg3 24. Re4 h5 25. Re7+ Kf6 26. Rhe1 Rxg2 27. Rh7 Kg5 28. Ne4+ Kh4 29. Rh1+ Bh3 30. Rf7 g5 31. Rf3 g4 32. Rf5 Rh8 33. c4 Re2 34. Nf6 Rd8 35. Rxh5+ Kg3 36. Nd5 Rf8 37. c5 Rff2 38. Nc3 Rc2+ 39. Kb1 Rxb2+ 40. Ka1 Bg2 41. Rg1 Rbc2 42. Ne4+ Kf4 43. Nxf2 Rxf2 44. Rc1 g3 45. c6 Bxc6 46. Rxc6 g2 47. Rf6+ Ke3 48. Re5+ Kd4 49. Rg5 Rxf6 50. Rxg2 Kc3 51. Rg1 a5 52. Rc1+ Kb4 53. Rc2 a4 54. Rh2 Rf4 55. Kb2 a3+ 56. Kc2 Rc4+ 57. Kd2 Rd4+ 58. Kc2 Rg4 59. Rf2 Ka4 60. Kc3 Rg3+ 61. Kc4 Rg1 62. Rc2 Rb1 63. Kd3 Rb2 64. Rxb2 axb2 65. Kc2 Ka3 66. Kb1 Ka4 67. Kxb2 Kb4 68. a3+ Ka4 69. Ka2 Ka5 70. Kb2 Kb5 71. Kb3 Ka5 72. a4 Ka6 73. Ka3 Kb6 74. Kb3 Ka6 75. Kb4 Ka7 76. a5 Ka6 77. Ka4 Ka7 78. Kb4 Ka6 79. Ka4 Ka7 80. Kb5 Kb7 81. Kc5 Ka7 82. Kb4 1/2-1/2

[Event "Titled Tuesday intern op 21st Jan Late"]
[Site "Chess.com INT"]
[Date "2025.01.21"]
[Round "8"]
[White "Baloglu, Dila"]
[Black "Nunez V, Gustavo Eduardo"]
[Result "1-0"]
[WhiteElo "1944"]
[BlackElo "2226"]
[PlyCount "65"]
[EventDate "2025.01.21"]
[EventType "swiss (blitz)"]
[EventRounds "11"]
[EventCountry "USA"]
[SourceTitle "CB05_2025"]
[SourceDate "2025.01.29"]
[SourceVersion "1"]
[SourceVersionDate "2025.01.29"]
[SourceQuality "1"]

1. e4 c5 2. Nf3 Nc6 3. d4 cxd4 4. Nxd4 e6 5. a3 Qc7 6. Nc3 Nf6 7. Be3 a6 8. h3 b5 9. f4 d6 10. Bd3 Bb7 11. Qf3 Be7 12. 0-0 h5 13. Rad1 Rb8 14. Qg3 g6 15. Bxb5 axb5 16. Ndxb5 Qd8 17. e5 h4 18. Qf2 Nd7 19. exd6 Bf6 20. Nc7+ Kf8 21. Ne4 Bxb2 22. Rb1 Bxa3 23. Nb5 Bb4 24. Bd4 Rh5 25. Be5 Qa5 26. Nd4 Nxd4 27. Qxd4 Bxe4 28. Qxe4 Nxe5 29. fxe5 Rxe5 30. Qxg6 Qa7+ 31. Kh1 Be1 32. Rxb8+ Qxb8 33. Qxf7# 1-0

[Event "Titled Tuesday intern op 21st Jan Late"]
[Site "Chess.com INT"]
[Date "2025.01.21"]
[Round "5"]
[White "Maksimovic, Bojan"]
[Black "Baloglu, Dila"]
[Result "1-0"]
[WhiteElo "2505"]
[BlackElo "1944"]
[PlyCount "69"]
[EventDate "2025.01.21"]
[EventType "swiss (blitz)"]
[EventRounds "11"]
[EventCountry "USA"]
[SourceTitle "CB05_2025"]
[SourceDate "2025.01.29"]
[SourceVersion "1"]
[SourceVersionDate "2025.01.29"]
[SourceQuality "1"]

1. d4 Nf6 2. Bg5 Ne4 3. h4 d5 4. Nd2 Nd6 5. Ngf3 Nd7 6. e3 c5 7. c4 cxd4 8. cxd5 dxe3 9. fxe3 Qb6 10. Qb3 Qa5 11. Rc1 b6 12. Bf4 Bb7 13. Bxd6 exd6 14. Bb5 a6 15. Bc6 Bxc6 16. dxc6 Nc5 17. Qd5 Be7 18. 0-0 0-0 19. Nc4 Qxa2 20. Nxb6 Qxd5 21. Nxd5 Rfe8 22. Nc7 Rec8 23. Nxa8 Rxa8 24. Nd4 Bf6 25. Rxf6 gxf6 26. Nf5 Ra7 27. Nxd6 Ne6 28. b4 Rc7 29. Ne8 Rc8 30. Nxf6+ Kg7 31. Nd5 Kf8 32. c7 h6 33. g4 Ke8 34. Kg2 Kd7 35. Nb6+ 1-0

[Event "Titled Tuesday intern op 14th Jan Early"]
[Site "Chess.com INT"]
[Date "2025.01.14"]
[Round "4"]
[White "Baloglu, Dila"]
[Black "Needleman, Gaston"]
[Result "1-0"]
[WhiteElo "1944"]
[BlackElo "2429"]
[PlyCount "129"]
[EventDate "2025.01.14"]
[EventType "swiss (blitz)"]
[EventRounds "11"]
[EventCountry "USA"]
[SourceTitle "CB04_2025"]
[SourceDate "2025.01.22"]
[SourceVersion "1"]
[SourceVersionDate "2025.01.22"]
[SourceQuality "1"]

1. Nf3 Nf6 2. g3 c5 3. Bg2 Nc6 4. c4 e5 5. Nc3 g6 6. 0-0 Bg7 7. d3 h6 8. e4 0-0 9. Nd5 d6 10. Be3 Kh7 11. Rb1 a5 12. a3 Be6 13. Nd2 Ng4 14. Qe2 Nxe3 15. fxe3 f5 16. exf5 gxf5 17. Rf2 Ne7 18. Rbf1 Bxd5 19. Bxd5 Nxd5 20. cxd5 Qd7 21. Qh5 Rf6 22. Rxf5 Rg6 23. Ne4 Qb5 24. Ng5+ Rxg5 25. Rxg5 Qxd3 26. Rgf5 Qxe3+ 27. Kg2 Qe4+ 28. Kh3 Qxd5 29. g4 Qe6 30. g5 Rg8 31. Kg4 e4 32. h4 Bxb2 33. Qf7+ Qxf7 34. Rxf7+ Rg7 35. Kh5 hxg5 36. hxg5 Rxf7 37. Rxf7+ Kg8 38. Re7 Be5 39. Kg6 Kf8 40. Rxb7 e3 41. Rb8+ Ke7 42. Rb1 d5 43. Kf5 Bg7 44. g6 d4 45. Ke4 Kf6 46. Rb6+ Kg5 47. Kd3 Kf4 48. Re6 Kf3 49. Re7 Bf6 50. g7 c4+ 51. Kxc4 Bxe7 52. g8Q e2 53. Qf7+ Ke3 54. Qxe7+ Kd2 55. Qg5+ Kd1 56. Qg4 Kd2 57. Qf4+ Kd1 58. Qf3 Kd2 59. Qd3+ Ke1 60. Kxd4 Kf2 61. Qe3+ Kf1 62. Qf3+ Ke1 63. Kd3 Kd1 64. Qxe2+ Kc1 65. Qc2# 1-0

[Event "Titled Tuesday intern op 14th Jan Early"]
[Site "Chess.com INT"]
[Date "2025.01.14"]
[Round "7"]
[White "Hansen, Sune Berg"]
[Black "Baloglu, Dila"]
[Result "1-0"]
[WhiteElo "2511"]
[BlackElo "1944"]
[PlyCount "81"]
[EventDate "2025.01.14"]
[EventType "swiss (blitz)"]
[EventRounds "11"]
[EventCountry "USA"]
[SourceTitle "CB04_2025"]
[SourceDate "2025.01.22"]
[SourceVersion "1"]
[SourceVersionDate "2025.01.22"]
[SourceQuality "1"]

1. d4 Nf6 2. Nf3 e6 3. e3 b6 4. Bd3 Bb7 5. 0-0 Be7 6. c4 0-0 7. Nc3 d5 8. cxd5 exd5 9. b3 c5 10. Bb2 Nc6 11. dxc5 bxc5 12. Rc1 Rc8 13. Na4 Qa5 14. Bf5 Rcd8 15. Bc3 Qb5 16. Bd3 c4 17. Be2 Ne4 18. Bb2 Qa5 19. Qc2 Nb4 20. Qb1 Rc8 21. Rfd1 Bc6 22. Nc3 Nxc3 23. Bxc3 Qxa2 24. bxc4 Qxe2 25. Bxb4 Rb8 26. Rd2 Rxb4 27. Qxb4 Bxb4 28. Rxe2 dxc4 29. Ne5 Bd5 30. e4 Be6 31. Nxc4 a5 32. f4 f6 33. Rec2 a4 34. Kf2 a3 35. Kf3 Ra8 36. f5 Bf7 37. Nb6 Rb8 38. Rc8+ Rxc8 39. Rxc8+ Be8 40. Rxe8+ Kf7 41. Ra8 1-0